|
|
|
|
| LEADER |
00000nam a22000007a 4500 |
| 005 |
20110919115157.0 |
| 008 |
110919s2009 be ||||s|||| 00| 0 fre d |
| 020 |
|
|
|a 978-2-87496-046-8
|
| 035 |
|
|
|a 4820
|
| 040 |
|
|
|a vLex
|
| 090 |
|
|
|c 2499
|d 2499
|
| 100 |
1 |
|
|a Darte, Dominique
|
| 245 |
1 |
0 |
|a Mat̋risez l'I.Soc 2009-2010
|h [Recurso electrn̤ico] /
|c Dominique Darte, Yves Nol︠
|
| 256 |
|
|
|a Servicio en ln̕ea.
|
| 260 |
|
|
|a [Bľgica] :
|b Edipro,
|c 2009.
|
| 300 |
|
|
|a 1 recurso electrn̤ico
|
| 506 |
1 |
|
|a Contenido solo disponible en los productos indicados
|d vLex Global
|d vLex Global (Academic Edition, excluding Law Schools)
|d vLex Global (U.S. Academic Edition, Law Schools)
|d vLex Global (U.S. Academic Edition, excluding Law Schools)
|d vLex Global (Academic Edition, Law Schools)
|
| 650 |
0 |
4 |
|a Derecho fiscal
|z Bľgica
|
| 650 |
0 |
4 |
|a Impuesto sobre las rentas de las sociedades
|z Bľgica
|
| 700 |
1 |
|
|a Nol︠, Yves
|
| 740 |
0 |
|
|a vLex Libros (Servicio en ln̕ea)
|
| 856 |
4 |
0 |
|u http://vlex.com/source/maitrisez-i-soc-2009-2010-4820
|z Acceso restringido
|
| 942 |
|
|
|c BOOK
|